000 00493nam a2200205Ia 4500
003 IIN
005 20240205132108.0
008 231217s9999 xx 000 0 und d
020 _cRs.2795.00
_a9789354658945
040 _aIIN
_bEnglish
082 _a616.07
_bMOH
100 1 _aMohan, Harsh
245 1 _aTextbook of Pathology /
_cHarsh Mohan
250 _a9th ed
260 _bJaypee
_aNew Delhi
_c2023
300 _axiv, 969p.
650 1 _aPathology
653 _aPatho
942 _cBOOK
999 _c1371
_d1371